Poppy playtime: Characters - Statistics

General Stats
  • This quiz has been taken 127 times
  • The average score is 17 of 31
Answer Stats
Hint Answer % Correct
Chapter 1,4,5 Huggy Wuggy
93%
Chapter 3 Catnap
92%
All Chapters Poppy
86%
Chapter 3 Dogday
85%
All chapters (except first) Prototype
82%
All Chapters Kissy Missy
81%
Chapter 2 Mommy Longlegs
78%
Chapter 4 Doey
75%
Chapter 5 Lily Lovebraids
64%
Chapter 4 Doctor
60%
Chapter 4 Yarnaby
60%
Smiling critter Bobby Bearhug
55%
Chapter 2 Bunzo Bunny
55%
Smiling critter Kickin Chicken
55%
Chapter 2 (mainly) PJ Pugapillar
53%
Hour of Joy footage Boxy Boo
51%
Smiling critter Hoppy Hopscotch
51%
Smiling critter Bubba Bubbaphant
49%
Smiling critter Craftycorn
49%
All Chapters Player
49%
Chapter 5 Giblet
47%
Group monsters (chapter 2) Mini Huggies
45%
Group monsters (chapter 3 mainly) Smiling Critters
44%
Smiling critter Picky Piggy
42%
Chapter 4 Pianosaurus
41%
Chapter 5 + VHS tape Bron
38%
Chapter 5 Chum Chompkins
34%
Chapter 3 Ollie
33%
Group monsters (chapter 5) Outimals
33%
Chapter 3 Mrs Delight
29%
Chapter 3 Nightmare Huggy Wuggy
27%
No matching quizzes found
Score Distribution
Percent of People with Each Score
Percentile by Number Answered
Your Score History
You have not taken this quiz